Statistics for Euro 2016 Championship Teams

Click here to take the quiz!

General Stats

  • This quiz has been taken 53 times
  • The average score is 21 of 24

Answer Stats

Answer % Correct
France
98%
Spain
96%
Portugal
96%
England
96%
Germany
94%
Wales
94%
Belgium
91%
Sweden
91%
Russia
89%
Republic of Ireland
89%
Austria
87%
Switzerland
87%
Italy
87%
Albania
87%
Croatia
85%
Iceland
83%
Hungary
81%
Northern Ireland
79%
Ukraine
74%
Turkey
74%
Poland
74%
Slovakia
74%
Czech Republic
72%
Romania
72%

Score Distribution

Percentile by Number Answered

Percent of People with Each Score

Your Score History

You have not taken this quiz